00638 2200241 4500001002100000005001700021008004100038035002600079245002000105100002000125250000600145260004900151300002300200020002200223082000800245084000800253520001400261650004900275990001800324990001800342990001800360990001800378INLIS00000000000280220191230005235.0191230| ||| | ind  a 0010-12190000000280200cYusin Hendri W.0 aYusin Hendri W. a1 aGramedia : JakartabGramedia : Jakartac2013 a275 hlm ;c275 hlm a978-979-229-276-30 a800 a813 aAPBD 2014 0acerita rakyat terindah dari negeri china 813 aB201702236765 aB201702236762 aB201702236763 aB201702236764